Les plus grandes villes étudiantes de France - Statistiques

Statistiques générales
  • Ce quiz a été pris 5 821 fois
    4 957 depuis la dernière actualisation
  • Le résultat moyen est 28 sur 40
Statistiques - réponses
Etudiants Ville étudiante % Correct
725 363 Paris
100%
175 041 Lyon
98%
98 257 Marseille - Aix-en-Provence
98%
122 946 Lille
97%
104 275 Bordeaux
95%
120 928 Toulouse
95%
66 886 Strasbourg
93%
46 141 Nice
91%
70 234 Rennes
91%
63 759 Nantes
90%
81 764 Montpellier
86%
27 370 Brest
83%
63 616 Grenoble
76%
38 048 Dijon
74%
42 379 Clermont-Ferrand
73%
45 274 Angers
72%
23 481 Metz
70%
52 542 Nancy
70%
29 076 Reims
70%
45 825 Rouen
70%
35 675 Caen
68%
28 451 Saint-Etienne
68%
33 356 Tours
68%
19 969 Orléans
67%
15 452 Toulon
66%
12 197 Le Havre
65%
15 079 La Rochelle
60%
9 621 Perpignan
60%
31 373 Amiens
59%
20 399 Limoges
56%
13 610 Nîmes
56%
28 906 Poitiers
55%
12 898 Pau
54%
13 789 Le Mans
50%
24 013 Besançon
46%
10 551 Mulhouse
45%
15 314 Saint-Denis (La Réunion)
41%
10 795 Avignon
39%
13 157 Chambéry
33%
16 714 Valenciennes
18%
Aucun quiz correspondant
Distribution des résultats
% des personnes avec chaque résultat
Percentile par nombre de réponses
Votre historique - résultats
Vous n’avez pas pris ce quiz depuis la dernière actualisation